[Event "OP-2012-0-02041"]
[Site "LSS email"]
[Date "2012.02.02"]
[Round "?"]
[White "Henke, Simon"]
[Black "Scott, David"]
[Result "1-0"]
[WhiteElo "1509"]
[BlackElo "473"]
[PlyCount "49"]
[EventDate "2012.01.30"]
[EventType "tourn (corr)"]
[EventRounds "4"]
[EventCountry "GER"]
[SourceTitle "Telechess CBM 157"]
[Source "ChessBase"]
[SourceDate "2013.11.12"]
[SourceVersion "1"]
[SourceVersionDate "2013.11.12"]
[SourceQuality "1"]

1. d4 Nf6 2. Bg5 d5 3. Bxf6 exf6 4. e3 Bd6 5. c4 dxc4 6. Bxc4 0-0 7. Nc3 f5 8. Nge2 Nd7 9. 0-0 Nf6 10. h3 c6 11. Rc1 Re8 12. Qc2 b5 13. Bd3 Be6 14. Bxf5 Bxf5 15. Qxf5 g6 16. Qf3 a5 17. Qxc6 b4 18. Nb5 Re6 19. Nxd6 Rxd6 20. Qf3 h5 21. e4 Qe8 22. e5 Re6 23. Nf4 Nd7 24. Nxe6 Rd8 25. Nxd8 1-0

[Event "OP-2012-0-02041"]
[Site "LSS email"]
[Date "2012.02.02"]
[Round "?"]
[White "Scott, David"]
[Black "Aydin, Cagakan"]
[Result "1-0"]
[WhiteElo "473"]
[BlackElo "1555"]
[PlyCount "31"]
[EventDate "2012.01.30"]
[EventType "tourn (corr)"]
[EventRounds "4"]
[EventCountry "GER"]
[SourceTitle "Corr 2015"]
[Source "ChessBase"]
[SourceDate "2015.07.17"]
[SourceVersion "1"]
[SourceVersionDate "2015.07.17"]
[SourceQuality "1"]

1. Nf3 Nf6 2. g3 d5 3. Bg2 Bf5 4. d3 c6 5. 0-0 h6 6. c4 e6 7. Be3 Nbd7 8. Qb3 Qc8 9. Nc3 Be7 10. Rac1 dxc4 11. dxc4 0-0 12. Rfd1 Nc5 13. Qc2 Bxc2 14. Rxc2 Rd8 15. Bxc5 Bxc5 16. e3 1-0

[Event "CFriend SL-2005-0-00030 email"]
[Site "Chessfriend.com"]
[Date "2005.04.13"]
[Round "1"]
[White "Cornacchini, Gabriele"]
[Black "Scott, David"]
[Result "1-0"]
[WhiteElo "1549"]
[BlackElo "443"]
[PlyCount "37"]
[EventDate "2005.04.13"]
[EventType "tourn (corr)"]
[EventRounds "6"]
[SourceTitle "Corr 2008"]
[Source "ChessBase"]
[SourceDate "2008.06.24"]
[SourceVersion "1"]
[SourceVersionDate "2008.06.24"]
[SourceQuality "1"]

1. e4 e6 2. d4 d5 3. e5 c5 4. c3 Nc6 5. Nf3 Nge7 6. Na3 cxd4 7. cxd4 Nf5 8. Nc2 Bd7 9. Bd3 Qb6 10. Bxf5 exf5 11. 0-0 Be7 12. Ne3 0-0 13. Nxd5 Qd8 14. Nc3 f6 15. e6 Bxe6 16. d5 Bxd5 17. Nxd5 Rc8 18. Qb3 b6 19. Nxe7+ 1-0

[Event "CFriend SL-2005-0-00030 email"]
[Site "Chessfriend.com"]
[Date "2005.04.13"]
[Round "1"]
[White "Scott, David"]
[Black "Dudley, Bruce"]
[Result "0-1"]
[WhiteElo "443"]
[BlackElo "1349"]
[PlyCount "48"]
[EventDate "2005.04.13"]
[EventType "tourn (corr)"]
[EventRounds "6"]
[SourceTitle "Corr 2008"]
[Source "ChessBase"]
[SourceDate "2008.06.24"]
[SourceVersion "1"]
[SourceVersionDate "2008.06.24"]
[SourceQuality "1"]

1. Nf3 d5 2. g3 Bg4 3. Bg2 c6 4. 0-0 Nd7 5. d4 e6 6. Nbd2 Ngf6 7. Re1 Be7 8. e4 dxe4 9. Nxe4 0-0 10. c3 Qb6 11. b4 Rfd8 12. h3 Bh5 13. Bg5 h6 14. Bxf6 Nxf6 15. Nxf6+ Bxf6 16. g4 Bg6 17. a3 a5 18. Qe2 axb4 19. cxb4 Bxd4 20. Nxd4 Rxd4 21. Rad1 Rxa3 22. Rc1 Rxb4 23. Rcd1 Rb2 24. Rb1 Bxb1 0-1

[Event "CFriend SL-2003-0-00003 email"]
[Site "Chessfriend.com"]
[Date "2003.02.06"]
[Round "?"]
[White "Scott, David"]
[Black "Anderson, Michael"]
[Result "0-1"]
[WhiteElo "472"]
[BlackElo "1452"]
[PlyCount "56"]
[EventDate "2003.02.06"]
[EventType "tourn (corr)"]
[EventRounds "12"]
[SourceTitle "Corr 2008"]
[Source "ChessBase"]
[SourceDate "2008.06.24"]
[SourceVersion "1"]
[SourceVersionDate "2008.06.24"]
[SourceQuality "1"]

1. e4 e5 2. Nf3 Nc6 3. Bc4 h6 4. 0-0 Nf6 5. d4 exd4 6. e5 Ng4 7. h3 Ngxe5 8. Nxe5 Nxe5 9. Re1 f6 10. Qxd4 d6 11. Nc3 Bd7 12. Bf4 Qe7 13. Rad1 a6 14. Nd5 Qd8 15. b4 b5 16. Bb3 Be7 17. a3 c6 18. Nxe7 Qxe7 19. c4 bxc4 20. Bxc4 a5 21. Ra1 axb4 22. axb4 Rxa1 23. Qxa1 Be6 24. Rc1 0-0 25. g4 Nxc4 26. Qa6 Bd5 27. Ra1 Qe4 28. Bxh6 Qg2# 0-1

[Event "CFriend SL-2003-0-00003 email"]
[Site "Chessfriend.com"]
[Date "2003.02.06"]
[Round "?"]
[White "Scott, David"]
[Black "Johnson, Aaron"]
[Result "0-1"]
[WhiteElo "472"]
[BlackElo "650"]
[PlyCount "34"]
[EventDate "2003.02.06"]
[EventType "tourn (corr)"]
[EventRounds "12"]
[SourceTitle "Corr 2008"]
[Source "ChessBase"]
[SourceDate "2008.06.24"]
[SourceVersion "1"]
[SourceVersionDate "2008.06.24"]
[SourceQuality "1"]

1. e4 e5 2. Nf3 Nc6 3. Bc4 Nf6 4. Ng5 Qe7 5. Bxf7+ Kd8 6. Bb3 d5 7. exd5 Nd4 8. d3 Bf5 9. 0-0 Bg4 10. f3 Bh5 11. Nc3 Qd7 12. Re1 Bc5 13. Be3 Qf5 14. g4 Bxg4 15. Rf1 Bxf3 16. Nf7+ Ke8 17. Nxh8 Qg4+ 0-1

[Event "CFriend SL-2003-0-00003 email"]
[Site "Chessfriend.com"]
[Date "2003.02.06"]
[Round "?"]
[White "Scott, David"]
[Black "Just, Bent"]
[Result "0-1"]
[WhiteElo "459"]
[BlackElo "1558"]
[PlyCount "52"]
[EventDate "2003.02.06"]
[EventType "tourn (corr)"]
[EventRounds "12"]
[SourceTitle "Corr 2008"]
[Source "ChessBase"]
[SourceDate "2008.06.24"]
[SourceVersion "1"]
[SourceVersionDate "2008.06.24"]
[SourceQuality "1"]

1. e4 Nf6 2. e5 Nd5 3. d4 d6 4. Nf3 dxe5 5. Nxe5 Nd7 6. Nf3 e6 7. c4 N5f6 8. Nc3 c5 9. Be2 cxd4 10. Nxd4 Bb4 11. 0-0 0-0 12. Qc2 e5 13. Nf5 Nb6 14. Rd1 Bxf5 15. Qxf5 Qe8 16. Bg5 Qe6 17. Qd3 Bxc3 18. Qxc3 Ne4 19. Qe3 Nxg5 20. Qxg5 Nxc4 21. Bxc4 Qxc4 22. Qxe5 Rfe8 23. Rac1 Qxa2 24. Qc7 Qxb2 25. Rb1 Qe2 26. Re1 Qxe1+ 0-1

[Event "CFriend SL-2003-0-00002 email"]
[Site "Chessfriend.com"]
[Date "2003.01.18"]
[Round "?"]
[White "Scott, David"]
[Black "Agnew, George Hartwell"]
[Result "0-1"]
[WhiteElo "472"]
[BlackElo "1057"]
[PlyCount "80"]
[EventDate "2003.01.18"]
[EventType "tourn (corr)"]
[EventRounds "12"]
[SourceTitle "Corr 2008"]
[Source "ChessBase"]
[SourceDate "2008.06.24"]
[SourceVersion "1"]
[SourceVersionDate "2008.06.24"]
[SourceQuality "1"]

1. e4 e5 2. Nf3 Nc6 3. Bc4 Nf6 4. d3 Bc5 5. c3 d6 6. 0-0 0-0 7. Bb3 h6 8. Re1 a5 9. Nbd2 b5 10. h3 a4 11. Bd5 Ra6 12. Qe2 Ne7 13. d4 exd4 14. cxd4 Nexd5 15. exd5 Ba7 16. a3 Ra5 17. b4 Ra6 18. Rb1 Bd7 19. Bb2 Nxd5 20. Nf1 Nf4 21. h4 Nxe2+ 22. Rxe2 d5 23. Rbe1 Bg4 24. N1h2 Bxf3 25. Nxf3 f5 26. Ne5 Qxh4 27. g3 Qd8 28. f4 g5 29. Nf3 g4 30. Ne5 h5 31. Ng6 Rxg6 32. Re5 c6 33. Kf2 h4 34. Kg2 h3+ 35. Kh2 Bb8 36. R5e3 Bd6 37. Bc3 Rg7 38. Bd2 Re7 39. Rc3 Qb6 40. Be3 Rfe8 0-1

[Event "CFriend SL-2003-0-00002 email"]
[Site "Chessfriend.com"]
[Date "2003.01.18"]
[Round "?"]
[White "Scott, David"]
[Black "Schoenbuchner, Gertraud"]
[Result "0-1"]
[WhiteElo "472"]
[BlackElo "817"]
[PlyCount "52"]
[EventDate "2003.01.18"]
[EventType "tourn (corr)"]
[EventRounds "12"]
[SourceTitle "Corr 2008"]
[Source "ChessBase"]
[SourceDate "2008.06.24"]
[SourceVersion "1"]
[SourceVersionDate "2008.06.24"]
[SourceQuality "1"]

1. Nf3 Nc6 2. g3 d5 3. d4 Nf6 4. Bg2 Bg4 5. Ne5 Qd6 6. Nxg4 0-0-0 7. 0-0 h5 8. Ne3 e5 9. Nc3 exd4 10. Nexd5 dxc3 11. bxc3 Nxd5 12. Bxd5 Qxd5 13. Qxd5 Rxd5 14. Be3 Be7 15. c4 Rf5 16. Rfd1 g5 17. f4 gxf4 18. gxf4 b6 19. h4 Bxh4 20. Rab1 Rg8+ 21. Kf1 Rg3 22. Bf2 Rxf4 23. Ke1 Rg1+ 24. Kd2 Rxd1+ 25. Rxd1 Bxf2 26. Kd3 Rd4+ 0-1

[Event "CFriend SL-2003-0-00002 email"]
[Site "Chessfriend.com"]
[Date "2003.01.18"]
[Round "?"]
[White "Wood, Brian B"]
[Black "Scott, David"]
[Result "1-0"]
[WhiteElo "859"]
[BlackElo "472"]
[PlyCount "53"]
[EventDate "2003.01.18"]
[EventType "tourn (corr)"]
[EventRounds "12"]
[SourceTitle "Corr 2008"]
[Source "ChessBase"]
[SourceDate "2008.06.24"]
[SourceVersion "1"]
[SourceVersionDate "2008.06.24"]
[SourceQuality "1"]

1. e4 Nf6 2. e5 Nd5 3. d4 d6 4. c4 Nb6 5. exd6 cxd6 6. Nc3 g6 7. Nf3 Bg7 8. Be2 0-0 9. 0-0 Nc6 10. Be3 Bg4 11. b3 d5 12. c5 Nc8 13. h3 Bxf3 14. Bxf3 e6 15. Qd2 N8e7 16. Ne2 Nf5 17. Rad1 Nh4 18. Bg4 h5 19. Bg5 Bf6 20. Bxh4 Bxh4 21. Bf3 f5 22. Nf4 Qf6 23. Rfe1 b6 24. Rxe6 Qd8 25. Rxc6 Be7 26. Bxd5+ Kh7 27. Rxg6 1-0

[Event "IECG CP.2002.P.00113 email"]
[Site "IECG email"]
[Date "2002.10.01"]
[Round "?"]
[White "Koloskov, Alexander"]
[Black "Scott, David"]
[Result "1-0"]
[WhiteElo "1852"]
[BlackElo "486"]
[PlyCount "41"]
[EventDate "2002.10.01"]
[EventType "tourn (corr)"]
[EventRounds "6"]
[EventCountry "EST"]
[SourceTitle "Corr 2008"]
[Source "ChessBase"]
[SourceDate "2008.06.24"]
[SourceVersion "1"]
[SourceVersionDate "2008.06.24"]
[SourceQuality "1"]

1. e4 Nf6 2. e5 Nd5 3. d4 d6 4. Nf3 Bg4 5. Be2 Nc6 6. c4 Nb6 7. exd6 exd6 8. 0-0 Be7 9. Nc3 0-0 10. d5 Bxf3 11. Bxf3 Ne5 12. b3 Bf6 13. Be4 g6 14. Bb2 Re8 15. Re1 Qc8 16. a4 Ng4 17. a5 Nd7 18. Qxg4 h5 19. Qf3 Nc5 20. Qxf6 Qg4 21. Na4 1-0

[Event "IECG CP.2002.P.00113 email"]
[Site "IECG email"]
[Date "2002.10.01"]
[Round "?"]
[White "Scott, David"]
[Black "Gornoi, Meelik"]
[Result "0-1"]
[WhiteElo "486"]
[BlackElo "2141"]
[PlyCount "58"]
[EventDate "2002.10.01"]
[EventType "tourn (corr)"]
[EventRounds "6"]
[EventCountry "EST"]
[SourceTitle "Corr 2008"]
[Source "ChessBase"]
[SourceDate "2008.06.24"]
[SourceVersion "1"]
[SourceVersionDate "2008.06.24"]
[SourceQuality "1"]

1. Nf3 Nf6 2. g3 d5 3. Bg2 g6 4. 0-0 Bg7 5. d4 0-0 6. Nc3 c6 7. Re1 Bf5 8. Bf4 Nbd7 9. Ne5 Nh5 10. Qd2 Nxe5 11. Bxe5 f6 12. Bf4 Nxf4 13. Qxf4 Bxc2 14. Rac1 Bf5 15. g4 e5 16. dxe5 fxe5 17. Qg3 Be6 18. f3 Qb6+ 19. e3 Qxb2 20. Ne2 Qxa2 21. Nc3 Qa3 22. Ne2 Qxe3+ 23. Kh1 a5 24. Rc3 Qg5 25. Ng1 a4 26. h4 Qf4 27. Qxf4 Rxf4 28. Nh3 Rd4 29. g5 Rxh4 0-1

[Event "IECG CN.2002.0.00292 email"]
[Site "IECG email"]
[Date "2002.04.24"]
[Round "?"]
[White "Rulla, Bernhard"]
[Black "Scott, David"]
[Result "1-0"]
[WhiteElo "812"]
[BlackElo "507"]
[PlyCount "27"]
[EventDate "2002.04.24"]
[EventType "tourn (corr)"]
[EventRounds "6"]
[SourceTitle "Corr 2008"]
[Source "ChessBase"]
[SourceDate "2008.06.24"]
[SourceVersion "1"]
[SourceVersionDate "2008.06.24"]
[SourceQuality "1"]

1. e4 e6 2. d4 d5 3. Nc3 Bb4 4. e5 c5 5. a3 Bxc3+ 6. bxc3 cxd4 7. cxd4 Ne7 8. Nf3 Nbc6 9. Bd3 0-0 10. Bxh7+ Kh8 11. Bd3 Qa5+ 12. Bd2 Qc7 13. Ng5 Nxd4 14. Qh5+ 1-0

[Event "IECG CN.2002.0.00292 email"]
[Site "IECG email"]
[Date "2002.04.24"]
[Round "?"]
[White "Scott, David"]
[Black "Gilliam, Domenic"]
[Result "0-1"]
[WhiteElo "507"]
[BlackElo "800"]
[PlyCount "42"]
[EventDate "2002.04.24"]
[EventType "tourn (corr)"]
[EventRounds "6"]
[SourceTitle "Corr 2008"]
[Source "ChessBase"]
[SourceDate "2008.06.24"]
[SourceVersion "1"]
[SourceVersionDate "2008.06.24"]
[SourceQuality "1"]

1. Nf3 Nf6 2. g3 g6 3. Bg2 Bg7 4. 0-0 d5 5. d3 Nc6 6. Nbd2 0-0 7. Re1 e5 8. c4 Be6 9. b3 Bf5 10. Bb2 e4 11. Nd4 Nxd4 12. Bxd4 Re8 13. Rc1 dxc4 14. dxe4 Nxe4 15. Bxg7 Kxg7 16. Rxc4 Nxd2 17. e4 Nxc4 18. bxc4 Qxd1 19. Rxd1 Bxe4 20. Bxe4 Rxe4 21. c5 Rc4 0-1

[Event "IECG CN.2002.0.00286 email"]
[Site "IECG email"]
[Date "2002.03.06"]
[Round "?"]
[White "Scott, David"]
[Black "Csapo, Andras"]
[Result "0-1"]
[WhiteElo "949"]
[BlackElo "800"]
[PlyCount "58"]
[EventDate "2002.03.06"]
[EventType "tourn (corr)"]
[EventRounds "6"]
[SourceTitle "Corr 2008"]
[Source "ChessBase"]
[SourceDate "2008.06.24"]
[SourceVersion "1"]
[SourceVersionDate "2008.06.24"]
[SourceQuality "1"]

1. Nf3 d5 2. g3 Nf6 3. Bg2 g6 4. 0-0 Nc6 5. d3 e5 6. Nbd2 Bd6 7. c4 dxc4 8. Nxc4 0-0 9. Bg5 Re8 10. e4 Bg4 11. h3 Bxf3 12. Bxf3 Be7 13. Rc1 Nd7 14. Bh6 Nc5 15. Re1 Nxd3 16. b3 Bc5 17. Nb2 Bxf2+ 18. Kf1 Bxe1 19. Nxd3 Bxg3 20. Bg4 Qf6+ 21. Bf3 Rad8 22. Kg2 Qh4 23. a4 Bf2 24. Kf1 Qxh3+ 25. Ke2 Nd4+ 26. Kd2 Nxf3+ 27. Kc3 Qxh6 28. Qxf3 Rxd3+ 29. Qxd3 Qxc1+ 0-1

[Event "IECG CN.2000.0.00225"]
[Site "IECG email"]
[Date "2000.12.01"]
[Round "?"]
[White "Andre, Ricardo"]
[Black "Scott, David"]
[Result "1-0"]
[WhiteElo "800"]
[BlackElo "949"]
[PlyCount "21"]
[EventDate "2000.12.01"]
[EventType "tourn (corr)"]
[EventRounds "6"]
[SourceTitle "Corr 2008"]
[Source "ChessBase"]
[SourceDate "2008.06.24"]
[SourceVersion "1"]
[SourceVersionDate "2008.06.24"]
[SourceQuality "1"]

1. b3 Nf6 2. e3 e5 3. Bb2 d6 4. c4 g6 5. d4 Bg7 6. dxe5 Ng8 7. f4 Nc6 8. Nc3 dxe5 9. Qxd8+ Nxd8 10. Nd5 Nc6 11. Nxc7+ 1-0

[Event "IECG CN.2000.0.00225"]
[Site "IECG email"]
[Date "2000.12.01"]
[Round "?"]
[White "Venturas, Bob"]
[Black "Scott, David"]
[Result "1-0"]
[WhiteElo "600"]
[BlackElo "949"]
[PlyCount "59"]
[EventDate "2000.12.01"]
[EventType "tourn (corr)"]
[EventRounds "6"]
[SourceTitle "Corr 2008"]
[Source "ChessBase"]
[SourceDate "2008.06.24"]
[SourceVersion "1"]
[SourceVersionDate "2008.06.24"]
[SourceQuality "1"]

1. d4 Nf6 2. Nc3 g6 3. e4 Bg7 4. e5 Ng8 5. Bf4 Nc6 6. Nf3 d5 7. exd6 cxd6 8. Bb5 Bd7 9. Bxc6 Bxc6 10. 0-0 Nf6 11. Re1 0-0 12. Qd3 e5 13. dxe5 dxe5 14. Nxe5 Re8 15. Qc4 Rf8 16. Rad1 Qc8 17. Nxg6 hxg6 18. Qd3 Ng4 19. Bd2 f5 20. Ne2 Re8 21. b3 b5 22. Ba5 Be5 23. Bd2 a5 24. Bg5 Bxh2+ 25. Kf1 Bxg2+ 26. Kxg2 Qb7+ 27. Qf3 Qxf3+ 28. Kxf3 Re4 29. Ng3 Rae8 30. Nxe4 1-0